| 000 | 00596nam a2200229Ia 4500 | ||
|---|---|---|---|
| 005 | 20230607135509.0 | ||
| 008 | 131103s9999 xx 000 0 und d | ||
| 040 | _aLoreto College | ||
| 041 | _aEnglish | ||
| 082 |
_a808.3 _bLUK |
||
| 100 | _aLichtheim, George | ||
| 245 |
_aLukaes _cGeorge Lichtheim |
||
| 260 |
_aFontana _bCollins _c1970 |
||
| 300 | _a[8],141 p. | ||
| 440 | _aFontana modern masters | ||
| 504 | _aIncludes bibliographical notes | ||
| 650 | _aLiterature - | ||
| 651 | _aRhetoric - Drama - | ||
| 700 | _aKermode, Frank, series ed. | ||
| 850 | _aLCLIB | ||
| 942 | _cBK | ||
| 999 |
_c1633 _d52112 |
||